000 00442nam a2200181Ia 4500
001 23666
005 20260414150952.0
008 260414t2018||||xx |||||||||||||| ||spa||
041 _aESP
082 _a690.028
_bS66
100 _aSolminihac T., Hernán de
_eAUT
245 0 _aProcesos y técnicas de construcción
_b
260 _c2018
300 _a543 páginas :
_c24 cm.
650 _a0
654 _aCIC
942 _cLIB
_dJUS
_fJUS
_2ddc
_n
999 _c23666
_d23666